| 000 | 00878 a2200229 4500 | ||
|---|---|---|---|
| 010 | _aENG-85819 | ||
| 020 | _c125.00 | ||
| 035 | _aEN-69352 | ||
| 037 | 1 | 4 | _bDBAD / PUB |
| 082 | 1 | _a658.15 | |
| 090 |
_c3782 _d3782 |
||
| 100 | 1 | _aReddy, P.N. | |
| 245 |
_aTextbook of financial management _cby P.N. Reddy, H.R. Appannaiah and B.G.Satyaprasad _b(text, problems, solutions and cases), BBM IV semester scheme Bangalore University |
||
| 250 | _a2nd rev.ed. | ||
| 260 |
_aMumbai _bHimalaya Publishing House _c2007 |
||
| 270 |
_a"Ramdoot", Dr. Bhalerao Marg, Girgaon _bMumbai _cMaharashtra _e400 004 _k23860170 & 23863863 _l022-23877178 _mhimpub@vsnl.com |
||
| 300 |
_a304p. _c24cm (pbk) |
||
| 700 | _aAppannaiah, H.R. | ||
| 700 | _aSatyaprasad, B.G. | ||
| 942 |
_adpl _cEN _k658.15 / RED |
||
| 999 |
_c3704 _d3704 |
||